Mastering Cloud Computing (Record no. 12248)
[ view plain ]
| 000 -LEADER | |
|---|---|
| fixed length control field | 00435nam a22001817a 4500 |
| 003 - CONTROL NUMBER IDENTIFIER | |
| control field | OSt |
| 008 - FIXED-LENGTH DATA ELEMENTS--GENERAL INFORMATION | |
| fixed length control field | 240322b |||||||| |||| 00| 0 eng d |
| 020 ## - INTERNATIONAL STANDARD BOOK NUMBER | |
| International Standard Book Number | 9781259029950 |
| 082 ## - DEWEY DECIMAL CLASSIFICATION NUMBER | |
| Classification number | 004.69 BUM |
| 100 ## - MAIN ENTRY--PERSONAL NAME | |
| Personal name | BUYYA,Rajkumar |
| 245 ## - TITLE STATEMENT | |
| Title | Mastering Cloud Computing |
| 250 ## - EDITION STATEMENT | |
| Edition statement | 21th Ed |
| 260 ## - PUBLICATION, DISTRIBUTION, ETC. (IMPRINT) | |
| Place of publication, distribution, etc | New Delhi |
| Name of publisher, distributor, etc | TMH |
| Date of publication, distribution, etc | 2023 |
| 300 ## - PHYSICAL DESCRIPTION | |
| Extent | MISC-11.45 |
| 700 ## - ADDED ENTRY--PERSONAL NAME | |
| Personal name | VECCHIOLA,Christian |
| 700 ## - ADDED ENTRY--PERSONAL NAME | |
| Personal name | SELVI,S.Thamarai |
| 942 ## - ADDED ENTRY ELEMENTS (KOHA) | |
| Source of classification or shelving scheme | Dewey Decimal Classification |
| Koha item type | Text Books |
| Withdrawn status | Lost status | Source of classification or shelving scheme | Damaged status | Not for loan | Collection code | Home library | Current library | Date acquired | Source of acquisition | Currency | Cost, normal purchase price | Bill Number | Total Checkouts | Full call number | Acc. no. / Barcode | Date last seen | Actual Cost, discounted price | Bill Date | Koha item type |
|---|---|---|---|---|---|---|---|---|---|---|---|---|---|---|---|---|---|---|---|
| Dewey Decimal Classification | B.Tech(IT) | PIET C-LIBRARY | PIET C-LIBRARY | 08/03/2024 | Zafaa Books and Distributors | In rupees | 970.00 | ZBD0412 | 004.69 BUM | 35575 | 22/03/2024 | 659.60 | 08/03/2024 | Reference Books |